Vista normal
Vista MARC
Entrada Topical Term
Número de registros utilizados en: 1
001 - CONTROL NUMBER
- control field: 58602
003 - CONTROL NUMBER IDENTIFIER
- control field: OSt
005 - DATE AND TIME OF LATEST TRANSACTION
- control field: 20250220112602.0
008 - FIXED-LENGTH DATA ELEMENTS
- fixed length control field: 250220|| aca||aabn | a|a d
040 ## - CATALOGING SOURCE
- Original cataloging agency: OSt
- Transcribing agency: OSt
150 ## - HEADING--TOPICAL TERM
- Topical term or geographic name entry element: Poesía infantil española
- Form subdivision: Siglo XX
670 ## - SOURCE DATA FOUND
- Source citation: Work cat.: (OSt)56936: Rubio Herrero, Antonio 1953- autor 58601, Veo veo/